000 01846nam a22002417a 4500
001 9668
003 FISKH
005 20260128154941.0
008 260128b cb ||||| |||| 00| 0 eng d
020 _a9780008625757
040 _aFISKH
_beng
_cFISKH
_dFISKH
050 _aPZ7 .M2695
082 _a813.00
100 _aMafi, Tahereh
245 _aAll this twisted glory /
_cTahereh Mafi
260 _aLondon :
_bElectric Monkey,
_c2024.
300 _a397 pages :
_c20 cm
490 _aThis Woven Kingdom :
_vBook three
520 _aAs the long-lost heir to the Jinn throne, Alizeh has finally found her people and she might've found her crown. Cyrus, the mercurial ruler of Tulan, has offered her his kingdom in a twisted exchange: one that would begin with their marriage and end with his murder. Cyrus's dark reputation precedes him; all the world knows of his blood-soaked past. Killing him should be easy—and accepting his offer might be the only way to fulfill her destiny and save her people. But the more Alizeh learns of him, the more she questions whether the terrible stories about him are true. Ensnared by secrets, Cyrus has ached for Alizeh since she first appeared in his dreams many months ago. Now that he knows those visions were planted by the devil, he can hardly bear to look at her—much less endure her company. But despite their best efforts to despise each other, Alizeh and Cyrus are drawn together over and over with an all-consuming thirst that threatens to destroy them both. Meanwhile, Prince Kamran has arrived in Tulan, ready to exact revenge... Layered with exquisite tension and heart-stopping romance, All This Twisted Glory is the explosive third book in the captivating, bestselling Woven Kingdom series.
650 _aFantasy
_vThis Woven Kingdom
942 _2ddc
_cBK
_n0
999 _c9668
_d9668